कथा गौरव / (Record no. 45056)

MARC details
000 -LEADER
fixed length control field 01130nam a22002417a 4500
005 - DATE AND TIME OF LATEST TRANSACTION
control field 2010083008028.0
010 ## - LCCN (DPL NO)
LC control number MAR-20241
020 ## - INTERNATIONAL STANDARD BOOK NUMBER
Terms of availability 200.00
International Standard Book Number 8189634941
035 ## - SYSTEM CONTROL NUMBER
System control number MR-12899
037 ## - SOURCE OF ACQUISITION
Source of stock number/acquisition DBAD / PUB
082 ## - DEWEY DECIMAL CLASSIFICATION NUMBER
Classification number 891.46301
245 ## - TITLE STATEMENT
Title कथा गौरव /
Statement of responsibility, etc भास्कर शेळके तथा बाळासाहेब गुजाळ द्वारा संपादित
246 ## - VARYING FORM OF TITLE
Title proper/short title Katha Gaurav
260 ## - PUBLICATION, DISTRIBUTION, ETC. (IMPRINT)
Place of publication, distribution, etc पुणे
Name of publisher, distributor, etc स्नेहवर्धन प्रकाशन
Date of publication, distribution, etc 2009
270 ## - ADDRESS
Address 863 सदाशिव पेठ
City पुणे
Postal code 411030
300 ## - PHYSICAL DESCRIPTION
Extent 288पृ
Dimensions 22सेमी (अजिल्द)
650 ## - SUBJECT ADDED ENTRY--TOPICAL TERM
Topical term or geographic name as entry element मराठी कथासंग्रह
650 ## - SUBJECT ADDED ENTRY--TOPICAL TERM
Topical term or geographic name as entry element Marathi Short Stories
700 ## - ADDED ENTRY--PERSONAL NAME
9 (RLIN) 17934
Personal name शेळके, भास्कर
700 ## - ADDED ENTRY--PERSONAL NAME
Personal name गुजाळ,भाळासाहेब
9 (RLIN) 19411
942 ## - ADDED ENTRY ELEMENTS (KOHA)
Source of classification or shelving scheme Dewey Decimal Classification
Item type Marathi Books
Call number suffix कथागौ
Classification part 891.46301
Holdings
Withdrawn status Lost status Not for loan Collection code Home library Current library Date acquired Source of acquisition Cost, normal purchase price Full call number Barcode Copy number Cost, replacement price Koha item type
    Not For Loan Fiction D.B.Act.Division D.B.Act.Division 10/09/2010 DBAD / PUB 200.00 891.46301 कथागौ MR-12899 1 200.00 Marathi Books

© Delhi Public Library
Hit Counter
free hit counter